| 000 | 00416nam a22001697a 4500 | ||
|---|---|---|---|
| 003 | MPLRDC | ||
| 005 | 20220104124957.0 | ||
| 008 | 210129b ||||| |||| 00| 0 eng d | ||
| 082 | _a857.9 YW-4 v.1 | ||
| 100 | _a忆文 | ||
| 245 |
_a龙形剑客. 上 _c |
||
| 260 |
_a _b文天出版股份有限公司 _c |
||
| 300 | _b平 | ||
| 490 | _a忆文武侠专辑 | ||
| 650 | _a武侠小说 | ||
| 942 |
_cBK _o857.9 YW-4 v.1 |
||
| 999 |
_c23653 _d23643 |
||